000 00645nam a2200217Ia 4500
003 GCL
008 140319s9999 xx 000 0 ara d
040 _aGCL /
_cGCL
082 0 4 _a581
_bج ت
100 1 _aجورج هـ . م لورانس
245 1 0 _aتصنيف النباتات الوعائية /
_cجورج هـ . م لورانس
700 1 _aعبدالرحيم احمد ابوريا
700 1 _aاحمد محمد مجاهد
260 _a[S.N] :
_bدار الفكر العربى ،
_c1969
300 _a1398 ص
490 _a
650 0 4 _aالعلم
650 0 4 _aالبحوث
650 0 4 _aالنبات
942 _2ddc
_cBK
999 _c37638
_d37638